000 00535nam a22001937a 4500
999 _c522637
_d522637
003 NUST
008 181218b ||||| |||| 00| 0 eng d
020 _a0471017493
_cAvailable
038 _aNusrat Nadeem
040 _aDLC
_bDLC
_cRCMS
082 _a625.7 OGL
_bOGL
100 _aClarkson H., Oglesby
_912702
245 _aHighway Engineering /
_cOglesby, Clarkson H.
250 _a3rd,ed.
260 _aNew York:
_bJohn Wiley & Sons,
_c1954.
300 _ax,783,p:
_bPB
600 _xHighway Engineering
_912703
942 _2ddc
_cBK